000 01494nam a2200397 c 4500
003 BLK
005 20250802101037.0
008 180408b bul|||||r ||||||| ||bul||
010 _aKNG00075298000
020 _a954-26-0433-5
020 _a978-954-26-0433-4
040 _aBLK
041 _aBUL
_cBUL
080 _aБългарска литература
_b821.163.2
_x-93-1
_z821.163.2-93-1
100 1 _aВазов, Иван Минчов
_eпърви автор
_9363396
139 _aВазов, Иван Минчов
_bВ 15
245 1 0 _aАз съм българче
_bСтихотворения
_cИван Минчов Вазов; ил. Борис Николов Стоилов.
250 _a2. прераб. изд.
257 _aBGR
260 _bХермес
_c2006
_fХасково : Полиграфюг
300 _a96 с.
_c20 см
380 _aDX
490 _aЗлатно перо : Детско-юношеска класика
500 _a1. изд. 2002. - Офс. изд. - Доп. тир. 2011.
653 _aстихотворения
653 _aлитература за деца
653 _aдетска литература
700 _aСтоилов, Борис Николов
_eил.
_9245570
852 _aЦб 234065
856 4 _qpdf
856 4 _qpdf
942 _cKNG
_n0
_0363
944 _aCR
_c29.05.2007
_lИва Цветкова
_k30543
944 _aED
_c21.02.2017
_lф /
_kЛюдмила_Стоянова
999 _c70935
_d70935
999 _d70935